| 000 | 00568nam a2200181 i 4500 | ||
|---|---|---|---|
| 001 | 135435 | ||
| 003 | ES-MaACL | ||
| 005 | 20230906194901.0 | ||
| 007 | t| | ||
| 008 | 070718s1978 xxu ||||1| spa d | ||
| 080 | _a860(729.1) Mañach, Jorge 1.06 | ||
| 100 | 1 |
_aTorre, Amalia V. de la. _9110728 |
|
| 245 | 1 | 0 |
_aJorge Mañach, maestro del ensayo / _cAmalia V. de la Torre. |
| 260 |
_aMiami : _bCometa, _c[1978] |
||
| 300 |
_a259 p. ; _c21 cm. |
||
| 600 | 1 | 4 |
_aMañach, Jorge ( _d1898-1961)- _xCrítica e interpretación. _976249 |
| 852 |
_aES-MaACL _jA-9545 _bR.98238 |
||
| 999 |
_c135435 _d135435 |
||